000 01655nam0a22002891 4500
001 v19\rc\1610069
005 20260408062649.0
035 _a(NLR Aleph) 004730626
090 _a4442237
_c4442237
100 _a20061002d1897 |||y0rusy50 ca
101 0 _arus
102 _aRU
105 _aa z |||||
200 1 _aПятидесятилетие учрежденной с выс. соизволения С.-Петербургской компании "Надежда" для морского, речного и сухопутного страхования, транспортирования кладей и страхования от огня имуществ
_e1847-1897
210 _aСанкт-Петербург
_d1897
215 _a[2], 113 с., 5 л. ил.
_d27
532 1 2 _aПятидесятилетие учрежденной с высочайшего соизволения Санкт-Петербургской кампании "Надежда" для морского, речного и сухопутного страхования, транспортирования кладей и страхования от огня имуществ
710 0 2 _a"Надежда", петербургская компания для морского, речного и сухопутного страхования и транспортирования кладей
_3RU\NLR\AUTH\8810030572
_9559731
801 0 _aRU
_bNLR
_gpsbo
801 0 _aRU
_bRuMoRGB
_2psbo
801 1 _aRU
_bProSoft-M
_2rusmarc
852 _aNLR
_j19.123.4.34
899 _aRuMoRGB
_jM 134/129
899 _aRuMoRGB
_jE 52/383
899 _aБАН
942 _cBOOK
980 _aNB